000 00269nam a2200097Ia 4500
005 20251222114353.0
008 251222s1900||||xx |||||||||||||| ||spa||
082 _aDVD0192/U61/2003/T.1
245 0 _aFrente a la emergencia en educación: una labor posible 1-3:
942 _cDVD
999 _c1331
_d1331